Souvenirs (Запись № 3375729)

Подробности
000 -МАРКЕР
контрольное поле 01697nam0a2200325 4500
001 - ИДЕНТИФИКАТОР ЗАПИСИ
контрольное поле RU\NLR\b_ik\153962
005 - ИДЕНТИФИКАТОР ВЕРСИИ
контрольное поле 20260409071610.0
010 ## - МЕЖДУНАРОДНЫЙ СТАНДАРТНЫЙ НОМЕР КНИГИ (ISBN)
Номер (ISBN) 5-87245-123-7
Тираж 700
035 ## - ДРУГИЕ СИСТЕМНЫЕ НОМЕРА
Идентификатор записи (NLR Aleph) 002226971
100 ## - ДАННЫЕ ОБЩЕЙ ОБРАБОТКИ
Данные общей обработки 20061120d2006 |||y0rusy50 ca
101 1# - ЯЗЫК РЕСУРСА
Язык текста, звукозаписи и т.д. французский
Язык оригинала русский
102 ## - СТРАНА ПУБЛИКАЦИИ ИЛИ ПРОИЗВОДСТВА
Страна публикации Российская Федерация
105 ## - ПОЛЕ КОДИРОВАННЫХ ДАННЫХ: ТЕКСТОВЫЕ МАТЕРИАЛЫ, МОНОГРАФИЧЕСКИЕ
Кодированные данные о монографическом текстовом документе acgh|||||||||
200 1# - ЗАГЛАВИЕ И СВЕДЕНИЯ ОБ ОТВЕТСТВЕННОСТИ
Основное заглавие Souvenirs
Сведения, относящиеся к заглавию hommage à D. Chostakovitch
Первые сведения об ответственности Fiodor Droujinine
Последующие сведения об ответственности trad. de Claire Chernikina
-- red. de E.S. Chervinskaia
210 ## - ПУБЛИКАЦИЯ, РАСПРОСТРАНЕНИЕ И ДР.
Место издания, распространения и т.д. Moscou
Имя издателя, распространителя и т. д. Museum Grӕco-Latinum
Дата издания, распространения и т.д. 2006
215 ## - ФИЗИЧЕСКАЯ ХАРАКТЕРИСТИКА
Специфическое обозначение материала и объем 274 с., [20] л. ил., факс., портр., нот.
Другие сведения о физической характеристике ил., факс., портр., нот.
Размеры 21
300 ## - ОБЩИЕ ПРИМЕЧАНИЯ
Текст примечания В вып. дан. на вклейке: Воспоминания : страницы жизни и творчества : памяти Д. Шостаковича / Ф.С. Дружинин
517 0# - ДРУГИЕ ВАРИАНТЫ ЗАГЛАВИЯ
Вариант заглавия Воспоминания
Сведения, относящиеся к заглавию страницы жизни и творчества
-- памяти Д. Шостаковича
541 0# - ПЕРЕВОД ЗАГЛАВИЯ, СДЕЛАННЫЙ КАТАЛОГИЗАТОРОМ
Заглавие Дружинин:воспоминания
Язык заглавия русский
600 01 - ИМЯ ЛИЦА КАК ПРЕДМЕТ
Начальный элемент ввода Дружинин
Часть имени, кроме начального элемента ввода Ф.С.
Даты 1932 - 2007
Расширение инициалов личного имени Федор Серафимович
Формальный подзаголовок Воспоминания, записки и т.п.
Системный номер авторитетной/нормативной записи 2304495
Идентификатор авторитетной/нормативной записи RU\NLR\AUTH\661379528
600 #1 - ИМЯ ЛИЦА КАК ПРЕДМЕТ
Начальный элемент ввода Шостакович
Часть имени, кроме начального элемента ввода Д. Д.
Расширение инициалов личного имени Дмитрий Дмитриевич
Даты 1906 - 1975
Идентификатор авторитетной/нормативной записи RU\NLR\AUTH\66734588
Системный номер авторитетной/нормативной записи 1658461
686 4# - ИНДЕКСЫ ДРУГИХ КЛАССИФИКАЦИЙ
Индекс Щ313(2Р=Рус)7-83Дружинин
686 4# - ИНДЕКСЫ ДРУГИХ КЛАССИФИКАЦИЙ
Индекс Щ313(2Р=Рус)7-81Шостакович
700 #1 - ИМЯ ЛИЦА - ПЕРВИЧНАЯ ОТВЕТСТВЕННОСТЬ
Начальный элемент ввода Družinin
Часть имени, кроме начального элемента ввода F. S.
Расширение инициалов личного имени Fedor Serafimovič
Код отношения Автор
702 #1 - ИМЯ ЛИЦА - ВТОРИЧНАЯ ОТВЕТСТВЕННОСТЬ
Начальный элемент ввода Šostakovič
Часть имени, кроме начального элемента ввода D. D.
Даты 1906-1975
Расширение инициалов личного имени Dmitrij Dmitrievič
Код отношения Прочие
801 #0 - ИСТОЧНИК ЗАПИСИ
Страна Российская Федерация
Организация NLR
Дата составления 20061120
Правила каталогизации PSBO
942 ## - ДОПОЛНИТЕЛЬНЫЕ ЭЛЕМЕНТЫ ЗАПИСИ (АБИС)
Тип экземпляра АБИС Книга
980 ## - КОЛЛЕКЦИЯ
Название коллекции Национальная библиография
Экземпляры
Тип экземпляра Дата поступления Источник поступления Библиотека постоянного хранения Библиотека текущего хранения Место хранения Шифр хранения Штрих-код Статус экземпляра Публичное примечание
Книга 20.11.2006 Обязательный экземпляр РНБ (Московский) РНБ (Московский) Иностранный книжный фонд Ик 2006-3/1024 1062251   ;